000
00278nam a2200121Ia 4500
008
190216s9999||||xx |||||||||||||| ||und||
100
_a
Harold Robbins
245
4
_a
The Inheritors
260
_b
Pocket Books Publishers
_c
1971
300
_a
276p
650
_a
Novel
942
_c
BK
999
_c
12738
_d
12738